000 00510nam a22001937a 4500
003 MPLRDC
005 20220104194229.0
008 210129b ||||| |||| 00| 0 eng d
020 _a978-986-5896-45-4
082 _a874.57 TOO
100 _aJOHN KENNEDY TOOLE
245 _a笨蛋联盟
_c莫与争 译
250 _a初版二刷
260 _a台湾
_b宝瓶文化事业有限公司
_c2013
300 _b
490 _aISLAND: 208
650 _a美国文学--长篇小说
942 _cBK
_o874.57 TOO
999 _c65577
_d65567